000 00996nam a2200253 a 4500
005 20220908100902.0
008 991125s1964 mx 000 0 spa u
035 _aUPN01000007547
040 _aMX-MxUPN
_bspa
_cMX-MxUPN
049 _aF
050 4 _aF1256
_bR5.2
100 1 _aRincón Coutiño, Valentín
_945877
245 1 0 _aChiapas entre Guatemala y México :
_binjusto motivo de discordias /
_cValentín Rincón Coutiño.
260 _aMéxico :
_bSociedad Mexicana de Geografía y Estadística,
_c1964.
300 _a32 p.
490 _aSelección de estudios y conferencias de la Sociedad Mexicana de Geografía y Estadística ;
_v3
500 _a"Selección de estudios y conferencias de la Sociedad Mexicana de Geografía y Estadística, 3"
651 2 _aChiapas
_xDescripción y viajes
_913376
651 7 _aChiapas
_xHistoria
_2
_913380
651 0 _aMéxico
_xLímites
_945480
_zGuatemala
651 0 _aGuatemala
_xLímites
_945481
_zMéxico
905 _aFolleto
942 _2lcc
_cFOLL
999 _c7547
_d7547